Comuni dell Alto Adige con una mappa - Statistics

Statistiche generali
  • Questo quiz è stato fatto 287 volte
  • Il punteggio medio è 56 su 116
Risposte nella Mappa
Le risposte nella mappa del quiz sottostante sono codificate secondo una scala di colori dal rosso al verde in base alla % di persone che hanno risposto correttamente.
 
Statistiche sulle risposte
Comunità comprensoriale Popolazione Comune % Corretto
Bolzano 107.407 Bolzano
97%
Burgraviato 41.170 Merano
95%
Valle Isarco 22.572 Bressanone
86%
Alta Valle Isarco 7.044 Vipiteno
81%
Val Pusteria 16.774 Brunico
78%
Val Pusteria 3.349 San Candido
74%
Alta Valle Isarco 2.252 Brennero
73%
Salto-Sciliar 4.864 Ortisei
73%
Val Pusteria 3.346 Dobbiaco
68%
Oltradige-Bassa Atesina 5.463 Egna
67%
Oltradige-Bassa Atesina 3.875 Ora
64%
Valle Isarco 5.219 Chiusa
61%
Oltradige-Bassa Atesina 14.932 Appiano sulla Strada del Vino
60%
Burgraviato 12.467 Lana
60%
Oltradige-Bassa Atesina 8.085 Caldaro sulla Strada del Vino
59%
Oltradige-Bassa Atesina 18.029 Laives
59%
Salto-Sciliar 7.966 Renon
59%
Salto-Sciliar 2.015 Santa Cristina Valgardena
59%
Salto-Sciliar 2.586 Selva di Valgardena
59%
Val Pusteria 1.879 Sesto
59%
Val Venosta 1.150 Stelvio
59%
Val Pusteria 1.376 Corvara in Badia
58%
Salto-Sciliar 3.616 Fiè allo Sciliar
58%
Val Venosta 5.287 Malles Venosta
58%
Val Pusteria 3.471 Badia
57%
Val Pusteria 654 Braies
56%
Salto-Sciliar 6.881 Castelrotto
55%
Val Venosta 3.646 Prato allo Stelvio
55%
Val Pusteria 1.754 San Martino in Badia
55%
Burgraviato 3.244 San Martino in Passiria
55%
Val Venosta 2.386 Curon Venosta
54%
Alta Valle Isarco 1.005 Fortezza
54%
Salto-Sciliar 3.977 Nova Ponente
54%
Burgraviato 760 Senale-San Felice
54%
Val Venosta 6.242 Silandro
54%
Salto-Sciliar 1.999 Nova Levante
53%
Oltradige-Bassa Atesina 3.807 Salorno
53%
Salto-Sciliar 7.160 Sarentino
52%
Burgraviato 2.911 Ultimo
52%
Val Venosta 5.889 Naturno
51%
Val Pusteria 2.911 Rasun Anterselva
51%
Oltradige-Bassa Atesina 653 Cortina sulla Strada del Vino
50%
Val Venosta 905 Glorenza
50%
Oltradige-Bassa Atesina 4.538 Terlano
50%
Oltradige-Bassa Atesina 3.438 Termeno sulla Strada del Vino
50%
Burgraviato 3.569 San Leonardo in Passiria
49%
Val Venosta 829 Martello
48%
Burgraviato 1.903 Postal
48%
Burgraviato 2.443 Tirolo
48%
Oltradige-Bassa Atesina 2.219 Cortaccia sulla Strada del Vino
47%
Oltradige-Bassa Atesina 1.714 Montagna
47%
Alta Valle Isarco 2.667 Campo di Trens
46%
Salto-Sciliar 1.694 Meltina
46%
Burgraviato 1.979 Nalles
46%
Val Pusteria 545 Predoi
46%
Alta Valle Isarco 3.090 Val di Vizze
46%
Oltradige-Bassa Atesina 1.656 Aldino
45%
Valle Isarco 1.754 Barbiano
45%
Oltradige-Bassa Atesina 2.783 Bronzolo
45%
Burgraviato 1.751 Gargazzone
45%
Valle Isarco 2.746 Laion
45%
Val Venosta 4.094 Lasa
45%
Burgraviato 2.066 Moso in Passiria
45%
Valle Isarco 191 Ponte Gardena
45%
Salto-Sciliar 1.010 Tires
45%
Val Pusteria 6.015 Valle Aurina
45%
Oltradige-Bassa Atesina 1.038 Andriano
44%
Val Pusteria 5.517 Campo Tures
44%
Burgraviato 5.025 Lagundo
44%
Oltradige-Bassa Atesina 1.281 Magrè sulla Strada del Vino
44%
Alta Valle Isarco 4.538 Racines
44%
Salto-Sciliar 3.074 San Genesio Atesino
44%
Burgraviato 1.541 San Pancrazio
43%
Val Venosta 1.245 Senales
43%
Val Pusteria 3.170 Valdaora
43%
Valle Isarco 3.161 Rio di Pusteria
42%
Burgraviato 2.916 Scena
42%
Val Venosta 1.839 Sluderno
42%
Oltradige-Bassa Atesina 395 Anterivo
41%
Valle Isarco 3.421 Cornedo all’Isarco
41%
Valle Isarco 2.571 Funes
41%
Burgraviato 2.814 Marlengo
41%
Val Pusteria 2.919 Monguelfo-Tesido
41%
Valle Isarco 3.245 Naz-Sciaves
41%
Oltradige-Bassa Atesina 1.056 Trodena nel Parco Naturale
41%
Val Venosta 958 Tubre
41%
Oltradige-Bassa Atesina 1.050 Vadena
41%
Valle Isarco 4.794 Varna
41%
Val Venosta 5.198 Laces
40%
Valle Isarco 1.555 Luson
40%
Val Pusteria 3.118 Marebbe
40%
Val Venosta 3.815 Parcines
40%
Val Pusteria 2.325 Valle di Casies
40%
Val Pusteria 1.602 Villabassa
40%
Val Pusteria 2.860 Falzes
39%
Val Pusteria 3.879 San Lorenzo di Sebato
39%
Valle Isarco 1.825 Villandro
39%
Burgraviato 780 Avelengo
38%
Burgraviato 256 Proves
37%
Val Venosta 2.286 Castelbello-Ciardes
36%
Burgraviato 1.544 Cermes
36%
Burgraviato 338 Lauregno
36%
Val Pusteria 1.759 Terento
36%
Valle Isarco 2.988 Velturno
36%
Burgraviato 973 Verano
36%
Val Pusteria 2.927 Chienes
35%
Burgraviato 1.994 Tesimo
35%
Val Pusteria 1.398 La Valle
34%
Val Pusteria 3.298 Gais
33%
Val Pusteria 1.598 Perca
33%
Val Pusteria 3.324 Vandoies
33%
Burgraviato 386 Caines
31%
Val Venosta 737 Plaus
31%
Burgraviato 1.394 Rifiano
31%
Val Pusteria 1.421 Selva dei Molini
31%
Valle Isarco 1.262 Rodengo
28%
Nessun quiz corrispondente trovato
Distribuzione punteggi
Percentuale di utenti per punteggio
Percentile per numero di risposta
I tuoi punteggi nel tempo
Non hai fatto questo quiz